| 000 | 00741nam a2200241Ia 4500 | ||
|---|---|---|---|
| 008 | 191130s2009##################000#0#eng## | ||
| 020 | _a9780199234882 | ||
| 022 | _a2007039091 | ||
| 040 |
_aACL _cACL |
||
| 082 | _a616.8498 CHA | ||
| 245 |
_aRestless legs syndrome _cedited by K. Ray Chaudhuri, Luigi Ferini-Strambi, David Rye |
||
| 250 | _a1st ed | ||
| 260 |
_aOxford _bOxford University Press _c2009 |
||
| 300 | _axii, 88 p. : ill. ; 18 cm | ||
| 500 | _aIncludes bibliographical references and index | ||
| 650 | _aRestless Legs Syndrome | ||
| 700 | _aChaudhuri, K. Ray | ||
| 700 | _aFerini-Strambi, Luigi | ||
| 700 | _aRye, David Bruce | ||
| 990 | _af0014c97ac10000c7c78571fd15d289a | ||
| 991 | _a127031 | ||
| 999 |
_c390387 _d390387 |
||